The wicked shall fall / (Record no. 2039)

000 -LEADER
fixed length control field 00615cam a22002177a 4500
001 - CONTROL NUMBER
control field 17394234
003 - CONTROL NUMBER IDENTIFIER
control field OSt
005 - DATE AND TIME OF LATEST TRANSACTION
control field 20160204123355.0
008 - FIXED-LENGTH DATA ELEMENTS--GENERAL INFORMATION
fixed length control field 120720s2012 ke 000 f eng
010 ## - LIBRARY OF CONGRESS CONTROL NUMBER
LC control number 2012311689
040 ## - CATALOGING SOURCE
Original cataloging agency DLC
Transcribing agency DLC
042 ## - AUTHENTICATION CODE
Authentication code lcode
050 00 - LIBRARY OF CONGRESS CALL NUMBER
Classification number PR9381.M33 2012
100 1# - MAIN ENTRY--PERSONAL NAME
Personal name Macharia, David N.,
Dates associated with a name 1956-
245 14 - TITLE STATEMENT
Title The wicked shall fall /
Statement of responsibility, etc David N. Macharia.
260 ## - PUBLICATION, DISTRIBUTION, ETC. (IMPRINT)
Place of publication, distribution, etc Nyeri [Kenya] :
Name of publisher, distributor, etc ADN Print. Press,
Date of publication, distribution, etc 2012.
300 ## - PHYSICAL DESCRIPTION
Extent 156 p. ;
Dimensions 19 cm.
906 ## - LOCAL DATA ELEMENT F, LDF (RLIN)
a 7
b cbc
c origode
d 4
e ncip
f 20
g y-gencatlg
942 ## - ADDED ENTRY ELEMENTS (KOHA)
Source of classification or shelving scheme
Koha item type Book
Holdings
Withdrawn status Lost status Source of classification or shelving scheme Damaged status Not for loan Home library Current library Shelving location Date acquired Total Checkouts Total Renewals Full call number Barcode Date last seen Date checked out Copy number Price effective from Koha item type
          Riara University Library Riara University Library General stack 04/02/2016 4 1 PR9381.M33 2012 6822/16 15/12/2023 14/02/2020 C.1 04/02/2016 Book

Riara University Library,
P.O. Box 49940-00100,
Nairobi, Kenya.